| 000 | 00508cam a2200193 4500 | ||
|---|---|---|---|
| 001 | ABS62354 | ||
| 008 | 000000n2000 000 0 eng u | ||
| 035 | _a(Sirsi) u106050 | ||
| 100 | _aParisotti, M. | ||
| 245 | _aWhat are your intentions? | ||
| 260 | _c2000 | ||
| 490 |
_aBuilding _v265(8135) 5 May 2000, 50(1) |
||
| 520 | _aExamines whether a letter of intent constitutes a contract. | ||
| 590 | _aABS | ||
| 650 | _aLETTERS OF INTENT | ||
| 650 |
_aContracts _96232 |
||
| 690 | _aLAW | ||
| 942 | _n0 | ||
| 999 |
_c63522 _d63522 |
||